Low intensity conflict: the new battlefield in Central America
Gardado en:
| Autor Principal: | |
|---|---|
| Formato: | Texto |
| Publicado: |
Albuquerque, NM:
Inter-Hemispheric Education Resource Center
|
| Materias: | |
| Etiquetas: |
Engadir etiqueta
Sen Etiquetas, Sexa o primeiro en etiquetar este rexistro!
|
MARC
| LEADER | 00000 a a2200000 04500 | ||
|---|---|---|---|
| 001 | 18851 | ||
| 003 | |||
| 040 | |||
| 090 | |a 144600 | ||
| 100 | |a Barry, Tom | ||
| 245 | |a Low intensity conflict: the new battlefield in Central America | ||
| 260 | |a Albuquerque, NM: |b Inter-Hemispheric Education Resource Center | ||
| 300 | |a 79 p. | ||
| 300 | |b **no definido** | ||
| 650 | |a GUERRA DE BAJA INTENSIDAD | ||
| 650 | |a SOLUCION DE CONFLICTOS | ||
| 650 | |a ACTIVIDAD MILITAR | ||
| 650 | |a AYUDA MILITAR | ||
| 650 | |a FUERZAS ARMADAS | ||
| 650 | |a GOBIERNO | ||
| 650 | |a GUERRA DE BAJA INTENSIDAD | ||
| 650 | |a AYUDA MILITAR | ||
| 650 | |a FUERZAS ARMADAS | ||
| 999 | |c 2093 |d 2093 | ||
